Read aloud Bible stories; Vol. 1. (Record no. 3451)

000 -LEADER
fixed length control field 00717nam a2200229 a 4500
001 - CONTROL NUMBER
control field :::00001182$&:&@@
003 - CONTROL NUMBER IDENTIFIER
control field OkBaRHE
005 - DATE AND TIME OF LATEST TRANSACTION
control field 20000829160110.0
008 - FIXED-LENGTH DATA ELEMENTS--GENERAL INFORMATION
fixed length control field s1982 j 000 0 eng u
020 ## - INTERNATIONAL STANDARD BOOK NUMBER
International Standard Book Number 0802471641 (v. 2)\0802471633
040 ## - CATALOGING SOURCE
Transcribing agency
100 1# - MAIN ENTRY--PERSONAL NAME
Personal name Lindvall, Ella K.
245 10 - TITLE STATEMENT
Title Read aloud Bible stories; Vol. 1.
260 ## - PUBLICATION, DISTRIBUTION, ETC. (IMPRINT)
Place of publication, distribution, etc Chicago, IL., :
Name of publisher, distributor, etc Moody Press
Date of publication, distribution, etc c1982
300 ## - PHYSICAL DESCRIPTION
Extent col. illus. ;
Dimensions 28 cm.
650 ## - SUBJECT ADDED ENTRY--TOPICAL TERM
Topical term or geographic name as entry element Bible Stories
General subdivision English
650 ## - SUBJECT ADDED ENTRY--TOPICAL TERM
Topical term or geographic name as entry element Bible Stories
General subdivision New Testament
700 ## - ADDED ENTRY--PERSONAL NAME
Personal name Puckett, H. Kent, Illus.
700 ## - ADDED ENTRY--PERSONAL NAME
Personal name Renczenski, Ken, Illus.
942 ## - ADDED ENTRY ELEMENTS (KOHA)
Source of classification or shelving scheme
Koha item type Books
Copies
Full call number Date acquired Date last seen Lost status Koha item type Barcode Shelving location Permanent Location Price effective from Withdrawn status Source of classification or shelving scheme Damaged status Copy number Not for loan
BS 551.2 .L482010-04-142018-02-20 Books1182General StacksRHEMA Bible Training College2010-04-14   1